[Event "NED-ch U14 op"]
[Site "Borne"]
[Date "2019.08.09"]
[Round "8"]
[White "Dhaenens, Leon"]
[Black "Klugstedt, Vincent C"]
[Result "0-1"]
[WhiteElo "1583"]
[BlackElo "1850"]
[PlyCount "98"]
[EventDate "2019.08.05"]
[EventType "swiss"]
[EventRounds "9"]
[EventCountry "NED"]
[SourceTitle "EXT 2020"]
[Source "ChessBase"]
[SourceDate "2019.10.17"]
[SourceVersion "1"]
[SourceVersionDate "2019.10.17"]
[SourceQuality "1"]

1. c4 c5 2. g3 Nc6 3. Bg2 g6 4. Nc3 Bg7 5. a3 Nf6 6. e3 0-0 7. Rb1 d6 8. Nge2 Bf5 9. d3 Ne5 10. e4 Bg4 11. 0-0 Qd7 12. f4 Nc6 13. Qc2 Rab8 14. b4 b6 15. Be3 Rfd8 16. Kh1 Bh3 17. Qd2 Bxg2+ 18. Kxg2 e6 19. f5 Ng4 20. Bg5 Rf8 21. f6 Bh8 22. h3 Nge5 23. b5 Nd4 24. Rbd1 Nxe2 25. Nxe2 d5 26. Qf4 Qd6 27. Qh4 Nd7 28. Qh6 e5 29. exd5 Nxf6 30. Qh4 Nxd5 31. cxd5 Qxd5+ 32. Qe4 Qe6 33. Qc4 Qd7 34. Nc3 Rbe8 35. Ne4 Re6 36. Bf6 Qb7 37. Kh2 h6 38. Bxh8 Kxh8 39. Rf6 Rxf6 40. Nxf6 Qf3 41. Qc1 Qxf6 42. Qxh6+ Kg8 43. Qe3 Rd8 44. Re1 Rd4 45. Rc1 Qf5 46. Rc3 e4 47. dxe4 Qxe4 48. Qf2 Rd1 49. Rf3 Re1 0-1

[Event "NED-ch U14 op"]
[Site "Borne"]
[Date "2019.08.06"]
[Round "2"]
[White "De Jong, Mats"]
[Black "Dhaenens, Leon"]
[Result "1-0"]
[WhiteElo "1356"]
[BlackElo "1583"]
[PlyCount "57"]
[EventDate "2019.08.05"]
[EventType "swiss"]
[EventRounds "9"]
[EventCountry "NED"]
[SourceTitle "EXT 2020"]
[Source "ChessBase"]
[SourceDate "2019.10.17"]
[SourceVersion "1"]
[SourceVersionDate "2019.10.17"]
[SourceQuality "1"]

1. d4 Nf6 2. c4 c5 3. e3 cxd4 4. exd4 d5 5. Nc3 Nc6 6. cxd5 Nxd5 7. Nf3 Bg4 8. h3 Bxf3 9. Qxf3 Ndb4 10. Bb5 Qxd4 11. 0-0 a6 12. Ba4 0-0-0 13. a3 Ne5 14. Qe2 Nbc6 15. Be3 Qd3 16. Bxc6 Nxc6 17. Qf3 f6 18. Rfd1 Qg6 19. Rxd8+ Kxd8 20. Bb6+ Kc8 21. Rc1 e6 22. Nb5 Kd7 23. Nd4 Qg5 24. Rxc6 Qd2 25. Rc7+ Ke8 26. Rc8+ Kf7 27. Qxb7+ Kg6 28. Qe4+ Kh6 29. Qe3+ 1-0